| 000 | 00554nam a22001697a 4500 | ||
|---|---|---|---|
| 999 |
_c3616 _d3616 |
||
| 003 | GBCCL | ||
| 005 | 20241126110458.0 | ||
| 008 | 171130b xxu||||| |||| 00| 0 eng d | ||
| 040 | _cgbc | ||
| 082 |
_a232.901 _bSTA |
||
| 100 |
_aStanton, Don E. _97192 |
||
| 245 |
_aThe life and teachings of Y'shua the Messiah (Jesus Christ): _bAs recorded in the Four Gospels of the Holy Bible / _cDon E. Stanton |
||
| 260 |
_aHyderabad: _bGospel Trumpets, _c1998 |
||
| 300 |
_a118p.; _bill., _c18 cm. |
||
| 650 |
_aJesus Christ _vLife & Teaching _97193 |
||
| 942 |
_2ddc _cBK _02 |
||